| 000 | 01560nam0a2200373 i 4500 | ||
|---|---|---|---|
| 001 | RU\NLR\bibl\2021214 | ||
| 005 | 20241104135516.0 | ||
| 010 |
_a9785777705365 _9500 |
||
| 021 |
_aRU _b2013-21341 _91505 |
||
| 035 | _a(NLR Aleph) 002009439 | ||
| 090 |
_a4448376 _c4448376 |
||
| 100 | _a20130408d2013 u y0rusy50 ca | ||
| 101 | 0 | _arus | |
| 102 | _aRU | ||
| 105 | _aa ||||||||| | ||
| 200 | 1 |
_aАлександр Львович Блок _eбиография ученого _fЕ.В. Сафронова, Е.С. Кравченко |
|
| 210 |
_aМосква _cВесь Мир _d2013 |
||
| 215 |
_a150 с. _cил., портр. _d22 |
||
| 300 | _aНа 4-й с. обл. 1-й авт.: Сафронова Е.В., д.ю.н., проф. | ||
| 320 | _aБиблиогр.: с. 143-150 и в подстроч. примеч. | ||
| 600 | 1 |
_aБлок _bА.Л. _f1852 - 1909 _gАлександр Львович _xГосударственно-правовые взгляды _92128787 _3RU\NLR\auth\661588488 |
|
| 686 | _aХ1(2)5 | ||
| 686 | _aШ5(2=Р)53-4Блок21 | ||
| 700 | 1 |
_aСафронова _bЕ. В. _gЕлена Викторовна _4070 |
|
| 701 | 1 |
_aКравченко _bЕ. С. _gЕкатерина Сергеевна _4070 |
|
| 702 | 1 |
_4570 _7ca _8rus _aБлок _bА. Л. _f1852-1910 _gАлександр Львович _9143571 _3RU\NLR\AUTH\770143607 |
|
| 801 | 0 |
_aRU _bNLR _c20130408 _gRCR |
|
| 801 | 1 |
_aRU _bNLR _c20130408 |
|
| 830 | _aавт. по кн. | ||
| 942 | _cBOOK | ||
| 980 | _aNBR | ||